000 01084nam a22003491 4500
001 9848
003 BD-RjUL
005 20211208234841.0
008 140122s1960 nyua 00| 0 eng d
035 _aMITb10378232
035 _a(OCoLC)00551799
035 _a(BD-RjUL)9893
040 _aDLC/ICU
_cCGU
_dm.c.
_dBD-RjUL
_beng
041 _aeng
082 _a541.394
_bMEI 1960
090 _aQD501
_b.M517
099 _aQD501.M517
100 1 _aMelander, Lars C. S.,
_d1919-
_930435
245 1 0 _aIsotope effects on reaction rates.
260 _aNew York,
_bRonald Press Co.
_c[1960]
300 _a181 p.
_billus.
_c21 cm.
490 1 _aModern concepts in chemistry
500 _aSecond ed. published in 1979 under title: Reaction rates of isotopic molecules.
504 _aIncludes bibliography.
650 0 _aChemical kinetics.
_912838
650 0 _aIsotopes.
_930436
830 0 _aModern concepts in chemistry.
_930438
942 _2ddc
_cBK
949 _aMYGS
_lS*REF
_mREF0
_b39080005483513
_aMYGS
_b39080005483521
999 _c9848
_d9848